000 00875nam1a22002291i 4500
001 v19\rc\1209716
005 20260406192000.0
035 _a(NLR Aleph) 004373551
090 _a3531722
_c3531722
100 _a20060306d1876 |||y0rusy50 ca
101 0 _arus
102 _aRU
105 _ay z |||||
200 1 _aВедомость о суммах, поступивших в пользу Общества дневных приютов для детей рабочего класса...
210 _a[Киев]
_dценз. 1876
309 _aБез тит. л. и обл.
710 0 2 _aКиевское о-во дневных приютов для детей рабочего класса
_3RU\NLR\AUTH\889954352
_9404662
801 0 _aRU
_bNLR
_gpsbo
801 1 _aRU
_bProSoft-M
_2rusmarc
852 _aNLR
_j18.92.7.108
852 _aNLR
_j+Шифры разные
942 _cBOOK